Municipalities of El Salvador with a Map - Statistics

General Stats
  • This quiz has been taken 283 times
  • The average score is 53 of 262
Answers on the Map
Answers color-coded by a green-red scale on the quiz's map according to % correct below.
 
Answer Stats
Department Municipality % Correct
La Libertad Santa Tecla
90%
San Salvador San Salvador
89%
Santa Ana Santa Ana
66%
San Miguel San Miguel
59%
La Unión La Unión
57%
Usulután Usulután
51%
San Vicente San Vicente
50%
Ahuachapán Ahuachapán
49%
Sonsonate Sonsonate
49%
La Libertad La Libertad
46%
Chalatenango Chalatenango
44%
San Salvador Apopa
41%
San Salvador Mejicanos
41%
San Salvador Soyapango
40%
San Salvador Ilopango
37%
La Unión San José
37%
Santa Ana Metapán
35%
San Salvador San Marcos
33%
Usulután Santa María
33%
Cuscatlán Suchitoto
33%
Cabañas Ilobasco
32%
Cabañas Sensuntepeque
32%
La Paz Zacatecoluca
32%
San Salvador Aguilares
30%
San Salvador Ayutuxtepeque
30%
La Libertad Colón
30%
San Miguel San Antonio
30%
La Unión Santa Rosa de Lima
30%
La Paz Olocuilta
29%
Usulután Berlín
28%
San Salvador Delgado
28%
Usulután Jiquilisco
28%
San Salvador Nejapa
28%
La Libertad Nuevo Cuscatlán
28%
La Paz San Luis Talpa
28%
Chalatenango San Rafael
28%
San Miguel San Rafael Oriente
28%
Sonsonate Acajutla
27%
Usulután Alegría
27%
Sonsonate Izalco
27%
Chalatenango La Palma
27%
San Salvador Panchimalco
27%
Morazán San Francisco Gotera
27%
Usulután Santa Elena
27%
San Salvador Tonacatepeque
27%
La Libertad Antiguo Cuscatlán
26%
Cuscatlán Cojutepeque
26%
La Unión Conchagua
26%
San Salvador Cuscatancingo
26%
Santa Ana El Congo
26%
San Salvador Guazapa
26%
La Libertad San Juan Opico
26%
San Salvador San Martín
26%
Ahuachapán Atiquizaya
24%
Cuscatlán Candelaria
24%
Santa Ana Chalchuapa
24%
San Miguel Ciudad Barrios
24%
Chalatenango Nueva Concepción
24%
La Libertad Quezaltepeque
24%
La Paz Santiago Nonualco
24%
Chalatenango Comalapa
23%
La Libertad San Pablo Tacachico
23%
San Vicente San Sebastián
23%
San Salvador Santiago Texacuangos
23%
Sonsonate Sonzacate
23%
San Vicente Tecoluca
23%
La Libertad Zaragoza
23%
Ahuachapán Apaneca
22%
San Salvador El Paisnal
22%
Chalatenango | Morazán San Fernando
22%
San Miguel Chinameca
21%
San Miguel Chirilagua
21%
La Libertad Ciudad Arce
21%
San Miguel El Tránsito
21%
Chalatenango La Reina
21%
San Salvador Rosario de Mora
21%
Chalatenango San Ignacio
21%
La Paz San Juan Talpa
21%
San Vicente Santo Domingo
21%
Sonsonate Santo Domingo de Guzmán
21%
Ahuachapán Tacuba
21%
Ahuachapán Turín
21%
San Vicente Apastepeque
20%
Santa Ana Candelaria de la Frontera
20%
Santa Ana Coatepeque
20%
Ahuachapán Concepción de Ataco
20%
Morazán Corinto
20%
Chalatenango El Paraíso
20%
La Libertad Huizúcar
20%
Usulután Jucuapa
20%
Sonsonate Nahuizalco
20%
Chalatenango Nombre de Jesús
20%
Cabañas | Morazán San Isidro
20%
La Paz San Juan Nonualco
20%
San Vicente Santa Clara
20%
Usulután Santiago de María
20%
San Miguel Sesori
20%
Chalatenango Agua Caliente
18%
Sonsonate Armenia
18%
Morazán Cacaopera
18%
San Miguel Carolina
18%
San Miguel Chapeltique
18%
Chalatenango Citalá
18%
Cabañas Dolores
18%
Chalatenango Dulce Nombre de María
18%
Cuscatlán | La Paz | Morazán El Rosario
18%
San Vicente Guadalupe
18%
Sonsonate Juayúa
18%
Ahuachapán Jujutla
18%
Morazán Meanguera
18%
Usulután Mercedes Umaña
18%
La Unión Pasaquina
18%
Morazán Perquín
18%
Cuscatlán San Cristóbal
18%
San Miguel San Jorge
18%
Ahuachapán | San Vicente San Lorenzo
18%
La Paz San Luis La Herradura
18%
La Libertad San Matías
18%
La Paz San Pedro Masahuat
18%
La Paz San Pedro Nonualco
18%
Cuscatlán San Rafael Cedros
18%
San Salvador Santo Tomás
18%
La Libertad Tamanique
18%
La Paz Tapalhuaca
18%
Santa Ana Texistepeque
18%
Cabañas Victoria
18%
La Unión Anamorós
17%
Usulután California
17%
Cabañas Cinquera
17%
La Libertad Comasagua
17%
Ahuachapán El Refugio
17%
La Unión Intipucá
17%
La Paz Jerusalén
17%
Morazán Jocoro
17%
Chalatenango Las Flores
17%
Chalatenango Las Vueltas
17%
Usulután Puerto El Triunfo
17%
Usulután San Agustín
17%
La Paz San Antonio Masahuat
17%
San Miguel San Gerardo
17%
Sonsonate San Julián
17%
San Vicente Verapaz
17%
Chalatenango Arcatao
16%
Chalatenango Cancasque
16%
La Paz Cuyultitán
16%
Usulután El Triunfo
16%
Usulután Ereguayquín
16%
Usulután Estanzuelas
16%
Ahuachapán Guaymango
16%
Cabañas Jutiapa
16%
Chalatenango La Laguna
16%
La Paz Mercedes La Ceiba
16%
San Miguel Moncagua
16%
La Unión Nueva Esparta
16%
Usulután Ozatlán
16%
La Unión Polorós
16%
La Unión San Alejo
16%
La Paz San Emigdio
16%
Chalatenango San Francisco Lempa
16%
Cuscatlán San José Guayabal
16%
La Libertad San José Villanueva
16%
La Paz San Juan Tepezontes
16%
La Paz San Miguel Tepezontes
16%
Cuscatlán San Pedro Perulapán
16%
Ahuachapán San Pedro Puxtla
16%
La Paz San Rafael Obrajuelo
16%
Cuscatlán San Ramón
16%
Chalatenango Santa Rita
16%
Chalatenango Tejutla
16%
La Libertad Teotepeque
16%
La Libertad Tepecoyo
16%
San Miguel Uluazapa
16%
Chalatenango Azacualpa
15%
La Unión Bolívar
15%
Morazán Chilanga
15%
La Libertad Chiltiupán
15%
Chalatenango Concepción Quezaltepeque
15%
Cuscatlán | La Unión El Carmen
15%
La Libertad Jayaque
15%
Usulután Jucuarán
15%
La Unión Lislique
15%
San Miguel Lolotique
15%
Santa Ana Masahuat
15%
Cuscatlán Monte San Juan
15%
Usulután Nueva Granada
15%
Cuscatlán Oratorio de Concepción
15%
Chalatenango Potonico
15%
La Libertad Sacacoyo
15%
Sonsonate Salcoatitán
15%
Chalatenango San Antonio los Ranchos
15%
Cuscatlán San Bartolomé Perulapía
15%
Usulután San Buenaventura
15%
Morazán San Carlos
15%
La Paz San Francisco Chinameca
15%
Ahuachapán San Francisco Menéndez
15%
Chalatenango San Francisco Morazán
15%
San Miguel San Luis de la Reina
15%
Sonsonate Santa Catarina Masahuat
15%
Cuscatlán Santa Cruz Analquito
15%
Cuscatlán Santa Cruz Michapa
15%
Cabañas Tejutepeque
15%
Cuscatlán Tenancingo
15%
San Vicente Tepetitán
15%
La Unión Yayantique
15%
Sonsonate Caluco
13%
San Miguel Comacarán
13%
Usulután Concepción Batres
13%
Chalatenango El Carrizal
13%
Morazán El Divisadero
13%
Cabañas Guacotecti
13%
Morazán Gualococti
13%
Morazán Guatajiagua
13%
La Libertad Jicalapa
13%
La Unión Meanguera del Golfo
13%
Chalatenango Nueva Trinidad
13%
San Miguel Nuevo Edén de San Juan
13%
Chalatenango Ojos de Agua
13%
Morazán Osicala
13%
Santa Ana San Antonio Pajonal
13%
San Vicente San Cayetano Istepeque
13%
San Vicente San Esteban Catarina
13%
San Vicente San Ildefonso
13%
Chalatenango San Isidro Labrador
13%
Chalatenango San Miguel de Mercedes
13%
Santa Ana San Sebastián Salitrillo
13%
Morazán San Simón
13%
La Paz Santa María Ostuma
13%
Santa Ana Santa Rosa Guachipilín
13%
La Libertad Talnique
13%
Usulután Tecapán
13%
Morazán Torola
13%
Santa Ana El Porvenir
12%
La Unión El Sauce
12%
Morazán Joateca
12%
Morazán Jocoaitique
12%
San Miguel Nueva Guadalupe
12%
La Paz Paraíso de Osorio
12%
San Miguel Quelepa
12%
Chalatenango San Antonio de la Cruz
12%
Usulután San Dionisio
12%
Usulután San Francisco Javier
12%
Sonsonate Santa Isabel Ishuatán
12%
Morazán Sociedad
12%
La Unión Concepción de Oriente
11%
Morazán Delicias de Concepción
11%
Morazán Lolotiquillo
11%
Sonsonate San Antonio del Monte
11%
Chalatenango San Luis del Carmen
11%
Santa Ana Santiago de la Frontera
11%
Morazán Yamabal
11%
La Unión Yucuaiquín
11%
Morazán Arambala
10%
Sonsonate Cuisnahuat
10%
Sonsonate Nahulingo
10%
Morazán Sensembra
10%
Morazán Yoloaiquín
10%
No matching quizzes found
Score Distribution
Percent of People with Each Score
Percentile by Number Answered
Your Score History
You have not taken this quiz